Education and the development of Muslim nationalism in pre -partition India ./ (Record no. 112216)
[ view plain ]
| 000 -LEADER | |
|---|---|
| fixed length control field | 00521nam a22001697a 4500 |
| 003 - CONTROL NUMBER IDENTIFIER | |
| control field | BD-ChCU |
| 005 - DATE AND TIME OF LATEST TRANSACTION | |
| control field | 20260415121139.0 |
| 008 - FIXED-LENGTH DATA ELEMENTS--GENERAL INFORMATION | |
| fixed length control field | 260415b bg ||||| |||| 00| 0 ben d |
| 040 ## - CATALOGING SOURCE | |
| Transcribing agency | BD-ChCU |
| 082 ## - DEWEY DECIMAL CLASSIFICATION NUMBER | |
| Classification number | 370.10954 THE |
| 100 ## - MAIN ENTRY--PERSONAL NAME | |
| Personal name | Thorpe , C. Lioyd . |
| 9 (RLIN) | 21510 |
| 245 ## - TITLE STATEMENT | |
| Title | Education and the development of Muslim nationalism in pre -partition India ./ |
| Statement of responsibility, etc. | C . Lioyd ,Thorpe |
| 260 ## - PUBLICATION, DISTRIBUTION, ETC. | |
| Place of publication, distribution, etc. | karahci : |
| Name of publisher, distributor, etc. | Pak . Hist . Society . |
| Date of publication, distribution, etc. | C 1965 |
| 300 ## - PHYSICAL DESCRIPTION | |
| Extent | 89p. |
| 650 #0 - SUBJECT ADDED ENTRY--TOPICAL TERM | |
| Topical term or geographic name entry element | Education - India . |
| 9 (RLIN) | 21511 |
| 942 ## - ADDED ENTRY ELEMENTS (KOHA) | |
| Source of classification or shelving scheme | Dewey Decimal Classification |
| Koha item type | Books |
| Suppress in OPAC | No |
| Withdrawn status | Lost status | Source of classification or shelving scheme | Damaged status | Not for loan | Home library | Current library | Shelving location | Date acquired | Source of acquisition | Total Checkouts | Full call number | Barcode | Date last seen | Copy number | Price effective from | Koha item type |
|---|---|---|---|---|---|---|---|---|---|---|---|---|---|---|---|---|
| Dewey Decimal Classification | Chittagong University Library | Chittagong University Library | Business and Social Science Reading Room | 04/15/2026 | Purchase | 370.10954 THE | 13079 | 04/15/2026 | C-1 | 04/15/2026 | Books | |||||
| Dewey Decimal Classification | Chittagong University Library | Chittagong University Library | Business and Social Science Reading Room | 04/15/2026 | Purchase | 370.10954 THE | 4616 | 04/15/2026 | C-2 | 04/15/2026 | Books |